000 00295nam a22001337a 4500
008 170411b xxu||||| |||| 00| 0 eng d
020 _a9780397513994
041 _aeng
080 _28 ED
_a618
100 _a10
101 _aSHM
245 _aOPERATIVE GINECOLOGY
_cROCK.J.A
942 _2udc
_cBK
999 _c10297
_d10297